00661cam a22001937a 4500003000500000005001700005008004100022010001000063011001000073035001000083040000900093100003700102245012200139260004000261300002000301502009400321650002600415650002600441CHAP20220329142652.0010920d2001 mx r 00110 spa d a86260 a87232 a97775 cCHAP00aAldaco Iñiguez, Marco Antonio.10aExtracción de pectina de tejocote por medio de resinas de intercambio iónicoc/por Marco Antonio Aldaco Iñiguez aIrapuatao, Gto. :bEl autor,c1997. a67 h. ; cuadros aTesis (Ing. en Alimentos) -- Universidad de Guanajuato. Instituto de Ciencias Agrícolas14aIntercambio iónico.14aTejocotexPectina en.